[Event "31st 4NCL Congress"]
[Site "Harrogate, North Yorkshire, ENG"]
[Date "2024.01.21"]
[Round "5.11"]
[White "Longson, Sarah N"]
[Black "Mesesan, Mircea-Marius"]
[Result "0-1"]
[WhiteElo "2115"]
[BlackElo "2026"]
[PlyCount "91"]
[EventDate "2024.01.19"]

1. e4 e5 2. Bc4 Nf6 3. d3 Bc5 4. Nf3 d6 5. O-O Bg4 6. h3 Bh5 7. c3 Nc6 8. Nbd2
O-O 9. Re1 a6 10. Bb3 h6 11. Nf1 Re8 12. Ng3 Bg6 13. Nh2 Qd7 14. Qf3 Kh7 15. h4
h5 16. Bd1 Ne7 17. Bg5 Neg8 18. Be2 b5 19. Rad1 Qe6 20. a3 Bb6 21. Rd2 c6 22.
Bd1 a5 23. Qe2 Nh6 24. Bxh6 Kxh6 25. Rc2 Ra7 26. Qd2+ Kh7 27. Nf3 Qd7 28. Ng5+
Kg8 29. Bf3 Ng4 30. d4 exd4 31. cxd4 a4 32. Rec1 c5 33. dxc5 dxc5 34. Rd1 Qxd2
35. Rcxd2 f6 36. Nh3 Bf7 37. Rd6 Bc7 38. Rc6 c4 39. Bxg4 hxg4 40. Rd7 Bb8 41.
Rxa7 Bxa7 42. Nf4 Bd4 43. Nf5 Bxb2 44. Nd6 Rb8 45. Rc7 Be5 46. Kf1 0-1

[Event "31st 4NCL Congress"]
[Site "Harrogate, North Yorkshire, ENG"]
[Date "2024.01.21"]
[Round "5.12"]
[White "Skettos, Nicolas"]
[Black "Murawski, Jan"]
[Result "1-0"]
[WhiteElo "2044"]
[BlackElo "2101"]
[PlyCount "77"]
[EventDate "2024.01.19"]

1. e4 e5 2. Nf3 Nc6 3. Nc3 Nf6 4. d4 exd4 5. Nxd4 Bb4 6. Nxc6 bxc6 7. Bd3 d5 8.
exd5 cxd5 9. O-O O-O 10. Bg5 c6 11. Qf3 Be7 12. h3 Be6 13. Ne2 c5 14. Rad1 Nd7
15. Bxe7 Qxe7 16. Nf4 Qf6 17. b3 g5 18. Qh5 h6 19. Ne2 Qg7 20. Ng3 f5 21. Bb5
Ne5 22. Qe2 f4 23. Nh5 f3 24. Qe3 d4 25. Qe4 Bf5 26. Qxa8 Qf7 27. Be8 Qxh5 28.
Bxh5 Rxa8 29. Rfe1 Bxc2 30. Rd2 Nd3 31. Ra1 Nb4 32. a3 c4 33. bxc4 d3 34. axb4
Rd8 35. Bxf3 Rd4 36. Rxa7 Kf8 37. Bd5 h5 38. b5 g4 39. b6 1-0

[Event "31st 4NCL Congress"]
[Site "Harrogate, North Yorkshire, ENG"]
[Date "2024.01.21"]
[Round "5.13"]
[White "Wynarczyk, Raymond"]
[Black "Baer, Bruce L"]
[Result "0-1"]
[WhiteElo "1868"]
[BlackElo "2090"]
[PlyCount "112"]
[EventDate "2024.01.19"]

1. e4 g6 2. d4 Bg7 3. Nc3 a6 4. f4 b5 5. a3 Bb7 6. Nf3 d6 7. Be3 Nd7 8. Be2 c5
9. e5 Nh6 10. h3 Nf5 11. Bf2 cxd4 12. Bxd4 Nxd4 13. Qxd4 dxe5 14. fxe5 Nxe5 15.
Qe3 Nxf3+ 16. Bxf3 Bd4 17. Qd3 Bxf3 18. Qxf3 Rc8 19. O-O-O O-O 20. Nd5 e5 21.
Nf6+ Kg7 22. Rhf1 Qe7 23. Qg4 Qc5 24. Qe2 Rfd8 25. Ne4 Qe7 26. g4 b4 27. Qxa6
bxa3 28. Qxa3 Qxa3 29. bxa3 Be3+ 30. Kb2 Rb8+ 31. Ka2 Rdc8 32. c3 Rc7 33. Rd3
Bf4 34. Rb1 Ra8 35. Nd6 Re7 36. Rb4 Bc1 37. a4 Ra6 38. Rd1 Bf4 39. c4 Rxd6 40.
Rxd6 e4 41. Rd1 e3 42. Rb2 f5 43. Rf1 Be5 44. Re2 f4 45. Rf3 g5 46. Rfxe3 fxe3
47. Rxe3 Kf6 48. Kb3 Rb7+ 49. Kc2 Rb4 50. Ra3 Rxc4+ 51. Kd3 Rf4 52. Ke2 Bd6 53.
Rf3 Ke5 54. Rxf4 Kxf4 55. h4 h6 56. a5 Bc5 0-1

[Event "31st 4NCL Congress"]
[Site "Harrogate, North Yorkshire, ENG"]
[Date "2024.01.21"]
[Round "5.14"]
[White "Hutchinson, Paul A"]
[Black "Booth, Steven B"]
[Result "1/2-1/2"]
[WhiteElo "2081"]
[BlackElo "1908"]
[PlyCount "122"]
[EventDate "2024.01.19"]

1. d4 d5 2. Bf4 Nf6 3. Nc3 e6 4. e3 Bb4 5. Nge2 c6 6. a3 Ba5 7. f3 Nbd7 8. Bg3
O-O 9. Qd2 Re8 10. b4 Bb6 11. f4 Nh5 12. Bf2 f5 13. h3 Nhf6 14. Ng1 a5 15. Rb1
axb4 16. axb4 Bc7 17. Nf3 Qe7 18. Bd3 b6 19. Ne5 Nxe5 20. fxe5 Ne4 21. Nxe4
fxe4 22. Be2 Bd7 23. c4 Ra7 24. O-O Rea8 25. Rfc1 Be8 26. b5 cxb5 27. cxd5 exd5
28. Bxb5 Bxb5 29. Rxb5 Ra5 30. Rb2 Rb8 31. Qc2 Ra7 32. Qc6 Rd8 33. Rb5 Qd7 34.
Bh4 Qxc6 35. Rxc6 Rc8 36. Rxd5 Ra1+ 37. Kh2 Bxe5+ 38. Rxe5 Rxc6 39. Rxe4 b5 40.
Be7 Rc4 41. Rf4 h6 42. Rf8+ Kh7 43. d5 Rc2 44. d6 Raa2 45. Kg3 Rxg2+ 46. Kf4
Rgf2+ 47. Ke5 Rxf8 48. Bxf8 Rd2 49. Ke6 Rd3 50. e4 b4 51. d7 b3 52. Ba3 g5 53.
Ke7 h5 54. d8=Q Rxd8 55. Kxd8 g4 56. hxg4 h4 57. e5 h3 58. e6 h2 59. e7 h1=Q
60. e8=Q Qa8+ 61. Kd7 Qa4+ 1/2-1/2

[Event "31st 4NCL Congress"]
[Site "Harrogate, North Yorkshire, ENG"]
[Date "2024.01.21"]
[Round "5.15"]
[White "Zhu, Yaoyao"]
[Black "Brencher, Paul"]
[Result "1-0"]
[WhiteElo "2067"]
[BlackElo "2009"]
[PlyCount "81"]
[EventDate "2024.01.19"]

1. e4 e6 2. d4 d5 3. e5 c5 4. c3 Nc6 5. Nf3 Qb6 6. a3 Nh6 7. Bd3 cxd4 8. O-O
Bd7 9. Bc2 dxc3 10. Nxc3 Rc8 11. h3 a6 12. Be3 Qc7 13. Bf4 b5 14. Rc1 Na5 15.
Bb1 Qb7 16. Ng5 Nc4 17. Qe2 b4 18. axb4 Bxb4 19. Nxh7 Be7 20. Qh5 Qxb2 21. Bxh6
gxh6 22. Qxh6 Rg8 23. Nf6+ Bxf6 24. exf6 Qd2 25. Qh5 Ne3 26. Bg6 Kd8 27. Qh7
Rxg6 28. Qxf7 Rxg2+ 29. Kh1 Rxc3 30. Qe7+ Kc7 31. Rxc3+ Qxc3 32. f7 Qe5 33.
Rc1+ Nc4 34. Kxg2 Qe4+ 35. Kg1 Qf4 36. Rxc4+ Qxc4 37. f8=Q Qc1+ 38. Kh2 Qc6 39.
Qfd8+ Kb7 40. Qdxd7+ Qxd7 41. Qxd7+ 1-0

[Event "31st 4NCL Congress"]
[Site "Harrogate, North Yorkshire, ENG"]
[Date "2024.01.21"]
[Round "5.16"]
[White "Hepworth, Peter"]
[Black "Garnett, John S"]
[Result "1-0"]
[WhiteElo "2029"]
[BlackElo "1949"]
[PlyCount "43"]
[EventDate "2024.01.19"]

1. d4 d5 2. Nf3 c6 3. Bf4 Bf5 4. e3 e6 5. Be2 Bd6 6. Bxd6 Qxd6 7. Nh4 Bg6 8.
Nxg6 hxg6 9. h3 Nf6 10. O-O Nbd7 11. Nd2 O-O-O 12. c4 dxc4 13. Nxc4 Qc7 14. Bf3
e5 15. Qc2 exd4 16. exd4 Nb6 17. Rfd1 Nbd5 18. Rac1 Kb8 19. Ne5 Nh5 20. Qa4 Nb6
21. Qb3 Nd5 22. Nxc6+ 1-0

[Event "31st 4NCL Congress"]
[Site "Harrogate, North Yorkshire, ENG"]
[Date "2024.01.21"]
[Round "5.17"]
[White "Cast, Julian"]
[Black "Flynn, David"]
[Result "1-0"]
[WhiteElo "2024"]
[BlackElo "1907"]
[PlyCount "125"]
[EventDate "2024.01.19"]

1. d4 Nf6 2. Bg5 d5 3. Bxf6 gxf6 4. g3 Bf5 5. Bg2 e6 6. Nd2 Nd7 7. e4 dxe4 8.
Nxe4 c6 9. c3 Qb6 10. Ne2 Bg4 11. h3 Bh5 12. O-O f5 13. Nd2 Bg7 14. Re1 O-O 15.
Qc2 Bxe2 16. Rxe2 Nf6 17. Nf3 Rfd8 18. a4 a5 19. Ne5 Rac8 20. Nc4 Qc7 21. Qb3
Nd5 22. Rae1 Rb8 23. Ne5 Qe7 24. Bf3 Bxe5 25. Rxe5 Qc7 26. Qc2 Ne7 27. Qd2 Ng6
28. Qg5 Kh8 29. Rc5 Ra8 30. h4 Qe7 31. Rxf5 Qxg5 32. Rxg5 h6 33. Rc5 Nf8 34.
Rh5 Kg7 35. Ree5 f5 36. g4 Ng6 37. Rxe6 Nf4 38. Re7+ Kf6 39. Rf7+ Kxf7 40.
Rxf5+ Kg7 41. Rxf4 Rf8 42. Rxf8 Rxf8 43. Kg2 Re8 44. d5 cxd5 45. Bxd5 Re2 46.
b4 Rc2 47. bxa5 Rxc3 48. Bxb7 Rc4 49. Kg3 Rxa4 50. a6 Kf6 51. f4 Ra3+ 52. Kf2
Ke6 53. Bc8+ Kd6 54. g5 hxg5 55. fxg5 Kc7 56. g6 Kxc8 57. g7 Ra2+ 58. Kf3 Ra3+
59. Kf4 Ra4+ 60. Kf5 Ra5+ 61. Kf6 Rxa6+ 62. Kf7 Rh6 63. g8=Q+ 1-0

[Event "31st 4NCL Congress"]
[Site "Harrogate, North Yorkshire, ENG"]
[Date "2024.01.21"]
[Round "5.18"]
[White "Sasikumar, Srivathsan"]
[Black "Alldritt, Nigel RE"]
[Result "0-1"]
[WhiteElo "1852"]
[BlackElo "2072"]
[PlyCount "128"]
[EventDate "2024.01.19"]

1. e4 e6 2. d4 d5 3. Be3 dxe4 4. Nd2 f5 5. f3 Nf6 6. fxe4 fxe4 7. c3 Bd6 8. Qc2
O-O 9. Nxe4 Ng4 10. Bg5 Rxf1+ 11. Kxf1 Qxg5 12. Nxg5 Ne3+ 13. Ke2 Nxc2 14. Rf1
b6 15. Kd2 Bb7 16. N1f3 h6 17. Nxe6 Be4 18. Ne5 Na6 19. Rf4 Bh7 20. Rg4 g5 21.
Rf1 Bxe5 22. dxe5 Nc5 23. Nd4 Rd8 24. Rc1 Bf5 25. Rg3 Ne4+ 26. Kxc2 Nxg3+ 27.
Kb3 c5 28. Nc6 Re8 29. hxg3 Be4 30. Nxa7 Rxe5 31. Rd1 Bxg2 32. Rd6 h5 33. Rxb6
Kg7 34. Rd6 h4 35. gxh4 gxh4 36. Nc6 Re1 37. Rd7+ Kf6 38. Rh7 h3 39. a4 Kg6 40.
Rh8 Re6 41. Nd8 Re7 42. Ne6 Rxe6 43. a5 Kg7 44. Rh4 Rh6 45. Rg4+ Kh7 46. a6
Rxa6 47. Kc2 Rh6 48. Kd2 h2 49. Rxg2 h1=Q 50. Re2 Rh2 51. b4 Qd5+ 52. Ke1 Qf5
53. Rxh2+ Kg6 54. bxc5 Qxc5 55. Rc2 Qc4 56. Kd2 Kf5 57. Ke3 Qe4+ 58. Kd2 Kf4
59. c4 Qd4+ 60. Ke1 Qd3 61. Rf2+ Ke3 62. Rb2 Qc3+ 63. Kf1 Qxb2 64. Kg1 Kf3 0-1

[Event "31st 4NCL Congress"]
[Site "Harrogate, North Yorkshire, ENG"]
[Date "2024.01.21"]
[Round "5.19"]
[White "Kryshtafor, Maksym"]
[Black "Ganti, Shriaansh"]
[Result "1-0"]
[WhiteElo "1836"]
[BlackElo "1854"]
[PlyCount "61"]
[EventDate "2024.01.19"]

1. e4 c5 2. Nf3 d6 3. c3 Nf6 4. Bd3 Bg4 5. h3 Bxf3 6. Qxf3 g6 7. Bc2 Nc6 8. O-O
Bg7 9. Ba4 Nd7 10. d3 O-O 11. Qg3 Nb6 12. Bb3 Rc8 13. f4 Kh8 14. f5 Ne5 15. Nd2
c4 16. dxc4 Nbxc4 17. Nxc4 Nxc4 18. Bg5 Nxb2 19. Qh4 Bf6 20. Bxf6+ exf6 21.
Rab1 Nd3 22. Rf3 Ne5 23. Rg3 Kg7 24. a4 Qb6+ 25. Kh2 Qa5 26. c4 Nxc4 27. Bxc4
Rxc4 28. fxg6 hxg6 29. Rxb7 Qe5 30. Qg4 Rxe4 31. Qxg6+ 1-0

[Event "31st 4NCL Congress"]
[Site "Harrogate, North Yorkshire, ENG"]
[Date "2024.01.19"]
[Round "1.1"]
[White "Middleton, Tom"]
[Black "Corcoran, Gary"]
[Result "1-0"]
[WhiteElo "1974"]
[BlackElo "1796"]
[PlyCount "93"]
[EventDate "2024.01.19"]

1. e4 c5 2. Nf3 d6 3. c3 Nf6 4. Bd3 Nc6 5. Bc2 g6 6. O-O Bg7 7. Re1 Bg4 8. h3
Bxf3 9. Qxf3 O-O 10. Qe2 Rc8 11. d3 b5 12. Nd2 b4 13. c4 Nd4 14. Qd1 Ne8 15.
Nf3 Nc7 16. Rb1 Nce6 17. Be3 Nxf3+ 18. Qxf3 Nd4 19. Qd1 f5 20. exf5 Rxf5 21.
Qd2 Qf8 22. Bd1 h5 23. Rf1 Qf6 24. f4 Rf8 25. Bg4 hxg4 26. hxg4 Qh4 27. gxf5
Rxf5 28. Qf2 Qg4 29. Rbe1 Rh5 30. g3 Nf5 31. Qf3 Qh3 32. Qg2 Nxe3 33. Rxe3 Bd4
34. Qxh3 Rxh3 35. Kg2 Bxe3 36. Kxh3 Bd4 37. b3 Bf6 38. Kg4 Kg7 39. Kf3 Bd4 40.
Ke4 Bf6 41. Kd5 g5 42. Ke6 Kg6 43. fxg5 Kxg5 44. Rf5+ Kg6 45. g4 Bh4 46. Rf7
Bf6 47. Rxe7 1-0

[Event "31st 4NCL Congress"]
[Site "Harrogate, North Yorkshire, ENG"]
[Date "2024.01.19"]
[Round "1.2"]
[White "Procter, Colin S"]
[Black "Hall, James"]
[Result "1-0"]
[WhiteElo "1796"]
[BlackElo "1969"]
[PlyCount "151"]
[EventDate "2024.01.19"]

1. e4 e5 2. Nf3 d5 3. exd5 Nf6 4. Bb5+ Bd7 5. Bxd7+ Nbxd7 6. d3 Nxd5 7. O-O Bd6
8. Bd2 O-O 9. Nc3 c6 10. Ne4 Bc7 11. c3 f5 12. Ng3 Qf6 13. c4 Nf4 14. Bxf4 exf4
15. Ne2 g5 16. d4 g4 17. Ne5 Nxe5 18. dxe5 Bxe5 19. Qb3 Rae8 20. Rad1 Rf7 21.
c5 Kh8 22. Rfe1 Rfe7 23. Nc1 g3 24. fxg3 fxg3 25. h3 Bd4+ 26. Kf1 Qg5 27. Rxe7
Rxe7 28. Ne2 Qe3 29. Qxe3 Bxe3 30. Nxg3 Re5 31. Rd8+ Kg7 32. Rd7+ Kg6 33. Rxb7
f4 34. Ne2 Rd5 35. Nc3 Rxc5 36. Ke2 Rg5 37. g4 h5 38. Kf3 Re5 39. Rc7 Re6 40.
Ne4 Bc1 41. b3 hxg4+ 42. hxg4 Be3 43. Rd7 a5 44. Rd6 Rxd6 45. Nxd6 Bc5 46. Nc4
Bb4 47. Ne5+ Kg5 48. Nxc6 Bc3 49. Ne7 Bd2 50. Nd5 Bc1 51. Nc3 Kf6 52. Ne2 Bb2
53. Nxf4 Ke7 54. Nd3 Bc3 55. Ke4 Kf6 56. Nc5 Bb4 57. Nd3 Bc3 58. a3 Kg5 59. Kf3
Kf6 60. b4 axb4 61. axb4 Ke6 62. b5 Kd5 63. g5 Bd4 64. Nf4+ Ke5 65. g6 Kf6 66.
Ke4 Bf2 67. Kf3 Bg1 68. Kg4 Bd4 69. Kh5 Kf5 70. Nd5 Ke6 71. Nf4+ Kd6 72. Kg5
Bg7 73. Nh5 Bf8 74. Kf6 Kc5 75. Kf7 Bh6 76. Ng3 1-0

[Event "31st 4NCL Congress"]
[Site "Harrogate, North Yorkshire, ENG"]
[Date "2024.01.19"]
[Round "1.3"]
[White "Hymer, Barry J"]
[Black "Siu, Kam Wa"]
[Result "1-0"]
[WhiteElo "1964"]
[BlackElo "1795"]
[PlyCount "111"]
[EventDate "2024.01.19"]

1. d4 Nf6 2. Nc3 d5 3. Bf4 a6 4. e3 c5 5. dxc5 Nc6 6. a3 e5 7. Bg5 Be6 8. b4
Be7 9. Nf3 O-O 10. Be2 d4 11. exd4 e4 12. Ne5 Nxd4 13. O-O Nxe2+ 14. Nxe2 Qc7
15. f4 exf3 16. Nxf3 Rad8 17. Bf4 Qc8 18. Ned4 Bg4 19. Qd3 Rfe8 20. Ne5 Be6 21.
Rad1 Nd5 22. Bg3 Bf6 23. c4 Ne7 24. Qe4 Bxe5 25. Bxe5 Bxc4 26. Rfe1 Ng6 27. Nf3
Rxd1 28. Rxd1 Bb3 29. Rd6 Ba4 30. Qd4 Bc6 31. Bxg7 Bxf3 32. gxf3 Qh3 33. Bf6
Re1+ 34. Kf2 Rf1+ 35. Ke3 h5 36. Rd8+ Kh7 37. Qd5 Re1+ 38. Kd2 Re6 39. Qg5
Qxh2+ 40. Kc3 Rxf6 41. Qxf6 Qe5+ 42. Qxe5 Nxe5 43. f4 Ng4 44. Rd7 h4 45. Rxb7
h3 46. Rxf7+ Kg6 47. Re7 h2 48. Re1 Kf5 49. c6 Ne3 50. Rh1 Kxf4 51. Rxh2 Nd5+
52. Kd4 Nc7 53. a4 Na8 54. Rf2+ Kg5 55. Rf7 Nb6 56. c7 1-0

[Event "31st 4NCL Congress"]
[Site "Harrogate, North Yorkshire, ENG"]
[Date "2024.01.19"]
[Round "1.4"]
[White "Echavarria Hidalgo, Fernando"]
[Black "Irving, Neil"]
[Result "1/2-1/2"]
[WhiteElo "1791"]
[BlackElo "1964"]
[PlyCount "99"]
[EventDate "2024.01.19"]

1. e4 e6 2. d3 d5 3. Nd2 Nf6 4. e5 Nfd7 5. Ngf3 Be7 6. d4 c5 7. c3 Nc6 8. Nb3
O-O 9. Be3 cxd4 10. Nbxd4 Ndxe5 11. Nxc6 Nxf3+ 12. Qxf3 bxc6 13. Bd3 e5 14. Qg3
e4 15. Bd4 Bf6 16. Bxf6 Qxf6 17. Be2 Bf5 18. Qe3 a5 19. g4 Bd7 20. h4 Rfb8 21.
O-O-O a4 22. g5 Qe7 23. f3 Bf5 24. f4 a3 25. b3 Qd7 26. h5 g6 27. h6 f6 28. Qd4
fxg5 29. fxg5 Qe7 30. Qe3 Qe5 31. Kc2 c5 32. Rxd5 Qxd5 33. Bc4 Qxc4 34. bxc4
Rb2+ 35. Kc1 Rab8 36. Qxc5 Rb1+ 37. Kd2 R8b2+ 38. Ke3 Rxh1 39. Qd5+ Kf8 40.
Qd8+ Kf7 41. Qf6+ Ke8 42. Qh8+ Kd7 43. Qxh7+ Kd6 44. c5+ Kxc5 45. Qc7+ Kd5 46.
c4+ Ke6 47. Qc6+ Ke7 48. Qc7+ Ke6 49. Qc6+ Ke7 50. Qc7+ 1/2-1/2

[Event "31st 4NCL Congress"]
[Site "Harrogate, North Yorkshire, ENG"]
[Date "2024.01.19"]
[Round "1.5"]
[White "Stokes, Mike R"]
[Black "Williamson, Graham AG"]
[Result "1-0"]
[WhiteElo "1960"]
[BlackElo "1787"]
[PlyCount "68"]
[EventDate "2024.01.19"]

1. e4 e6 2. d4 d5 3. Nc3 Bb4 4. Nge2 Ne7 5. Bg5 f6 6. Be3 O-O 7. a3 Ba5 8. b4
Bb6 9. f3 e5 10. Qd2 f5 11. dxe5 Bxe3 12. Qxe3 fxe4 13. fxe4 dxe4 14. Ng3 Bg4
15. Bc4+ Kh8 16. h3 Nf5 17. Nxf5 Bxf5 18. O-O Nc6 19. Bd5 Nxe5 20. Bxb7 Rb8 21.
Bd5 c6 22. Bb3 Qc7 23. Nxe4 a5 24. bxa5 Bxe4 25. Rxf8+ Rxf8 26. Qxe4 Qxa5 27.
Re1 Ng6 28. a4 Qc5+ 29. Qe3 Qb4 30. Rd1 Nf4 31. Kh2 Qa5 32. Rf1 Qf5 33. a5 h5
34. a6 Qg5 1-0

[Event "31st 4NCL Congress"]
[Site "Harrogate, North Yorkshire, ENG"]
[Date "2024.01.19"]
[Round "1.6"]
[White "Wilson, Graham J"]
[Black "Mulleady, Peter J"]
[Result "0-1"]
[WhiteElo "1785"]
[BlackElo "1945"]
[PlyCount "76"]
[EventDate "2024.01.19"]

1. e4 c5 2. Nf3 Nc6 3. d4 cxd4 4. Nxd4 Nf6 5. Nc3 e5 6. Ndb5 d6 7. Nd5 Nxd5 8.
exd5 Nb8 9. c4 Be7 10. Bd3 O-O 11. O-O a6 12. Nc3 f5 13. f3 Nd7 14. Bd2 Nf6 15.
Qc2 Kh8 16. a3 Bd7 17. Rfe1 Nh5 18. b4 Rc8 19. Rac1 Bg5 20. c5 dxc5 21. Rxe5
Bf6 22. Ree1 cxb4 23. axb4 Qb6+ 24. Kh1 Qxb4 25. Rb1 Qc5 26. Rxb7 Bxc3 27. Rxd7
Bxd2 28. Qxd2 Nf6 29. Bxf5 Nxd7 30. Bxd7 Qc2 31. Qe3 Rb8 32. Qe7 Qc3 33. Bg4 g6
34. d6 a5 35. d7 h5 36. h4 hxg4 37. Qxf8+ Rxf8 38. Re8 Qf6 0-1

[Event "31st 4NCL Congress"]
[Site "Harrogate, North Yorkshire, ENG"]
[Date "2024.01.19"]
[Round "1.7"]
[White "Cuaresma, Gerald"]
[Black "Tomlinson, Zak"]
[Result "1-0"]
[WhiteElo "1929"]
[BlackElo "1782"]
[PlyCount "79"]
[EventDate "2024.01.19"]

1. d4 Nf6 2. Bg5 Ne4 3. h4 h6 4. Bf4 d5 5. Nd2 Nf6 6. e3 Bf5 7. c4 e6 8. Qb3 b6
9. Qa4+ Nbd7 10. Be5 Be7 11. cxd5 exd5 12. Qc6 O-O 13. Bxc7 Qc8 14. Rc1 Ne8 15.
Qxd5 Be6 16. Qc6 Qxc7 17. Qxc7 Nxc7 18. Rxc7 Rfc8 19. Rxc8+ Rxc8 20. Kd1 Bxa2
21. Ba6 Rc7 22. b3 Bb4 23. Ngf3 Rc3 24. Ke2 Rc2 25. Bd3 Rb2 26. Rc1 Bxb3 27.
Rc7 Be6 28. Rxa7 Bg4 29. Kf1 Bxd2 30. Nh2 Be6 31. d5 Nf8 32. dxe6 Nxe6 33. Ra8+
Nf8 34. Rb8 g6 35. Ng4 h5 36. Ne5 Kg7 37. Rb7 Bc3 38. Nxf7 Kf6 39. Ng5 Be5 40.
Rf7# 1-0

[Event "31st 4NCL Congress"]
[Site "Harrogate, North Yorkshire, ENG"]
[Date "2024.01.19"]
[Round "1.8"]
[White "Cooper, Malcolm H"]
[Black "Gibbs, Dominic V"]
[Result "0-1"]
[WhiteElo "1778"]
[BlackElo "1927"]
[PlyCount "126"]
[EventDate "2024.01.19"]

1. d4 e6 2. c4 b6 3. Nc3 Bb7 4. e4 Bb4 5. Qc2 Qh4 6. d5 Bxc3+ 7. bxc3 f5 8. Bd3
fxe4 9. Bxe4 Nf6 10. Bf3 Qxc4 11. dxe6 Qxe6+ 12. Qe2 Qxe2+ 13. Kxe2 Bxf3+ 14.
Nxf3 O-O 15. Re1 Nc6 16. Be3 Nd5 17. Kd3 Nf4+ 18. Bxf4 Rxf4 19. Re2 Rg4 20. g3
Rf8 21. Re3 Ra4 22. Kc2 Ra5 23. Kd2 Rb5 24. Rc1 Rbf5 25. Ke2 d6 26. Rf1 h6 27.
h4 Ra5 28. Ra1 Kf7 29. Kd3 Re8 30. Rxe8 Kxe8 31. Re1+ Kf7 32. Re2 Ne5+ 33.
Nxe5+ Rxe5 34. Rb2 Kf6 35. Rb4 g5 36. a4 c5 37. hxg5+ hxg5 38. Rb1 d5 39. a5
Re6 40. axb6 axb6 41. f3 Ke7 42. Rb2 Kd7 43. Ra2 Kc6 44. Ra8 Rf6 45. Ke3 Kb5
46. Rg8 Rf5 47. Rg6 Kc4 48. f4 gxf4+ 49. gxf4 b5 50. Rc6 Rh5 51. Kf2 d4 52.
cxd4 Kxd4 53. Re6 b4 54. Ke2 b3 55. Kd2 Rh2+ 56. Kc1 Rf2 57. Rh6 Rxf4 58. Kb2
c4 59. Rd6+ Kc5 60. Rd8 Rf2+ 61. Kb1 Kb4 62. Rh8 Rf1+ 63. Kb2 c3# 0-1

[Event "31st 4NCL Congress"]
[Site "Harrogate, North Yorkshire, ENG"]
[Date "2024.01.19"]
[Round "1.9"]
[White "Waters, Andrew C"]
[Black "Meredith, Daniel"]
[Result "1/2-1/2"]
[WhiteElo "1920"]
[BlackElo "1778"]
[PlyCount "90"]
[EventDate "2024.01.19"]

1. e4 c5 2. c3 Nf6 3. e5 Nd5 4. d4 cxd4 5. cxd4 d6 6. Nf3 Nc6 7. Be2 g6 8. O-O
Bg7 9. exd6 Qxd6 10. Nc3 Bf5 11. Nb5 Qd7 12. Be3 O-O 13. Qd2 Nxe3 14. fxe3 e5
15. dxe5 Qxd2 16. Nxd2 Bxe5 17. e4 Be6 18. Nc4 Bxc4 19. Bxc4 Bxb2 20. Rad1 Ne5
21. Bd5 Rac8 22. Rb1 Rc2 23. Rf2 Rfc8 24. Bb3 Rc1+ 25. Rf1 Rxf1+ 26. Kxf1 Rc1+
27. Rxc1 Bxc1 28. Nxa7 Be3 29. Nb5 b6 30. Ke2 Bc5 31. Nc3 Kg7 32. Nd5 h6 33. h3
Kf8 34. Ba4 Kg7 35. Bb5 f6 36. a4 h5 37. Nf4 Kh6 38. Ne6 Bd6 39. Ke3 g5 40. Kd4
Kg6 41. Kd5 Bb8 42. Nf8+ Kg7 43. Nd7 Nxd7 44. Bxd7 Bg3 45. Ke6 h4 1/2-1/2

[Event "31st 4NCL Congress"]
[Site "Harrogate, North Yorkshire, ENG"]
[Date "2024.01.19"]
[Round "1.10"]
[White "Letton, Rob"]
[Black "Bielby, Paul R"]
[Result "1-0"]
[WhiteElo "1773"]
[BlackElo "1908"]
[PlyCount "89"]
[EventDate "2024.01.19"]

1. e4 e5 2. Bc4 Nc6 3. d3 d6 4. Nc3 Be7 5. f4 Na5 6. Nf3 Nxc4 7. dxc4 exf4 8.
Bxf4 Nf6 9. Qe2 O-O 10. O-O-O Qe8 11. Rhe1 Be6 12. Nd5 Rc8 13. e5 Nxd5 14. cxd5
Bg4 15. Qd2 Qd7 16. h3 Bxf3 17. gxf3 dxe5 18. Bxe5 f6 19. d6 Bxd6 20. Qd5+ Rf7
21. Bxd6 cxd6 22. Re6 Rc6 23. Rde1 Kf8 24. Qe4 g6 25. Re8+ Kg7 26. Re7 Qd8 27.
Qe6 Rxe7 28. Qxe7+ Qxe7 29. Rxe7+ Kh6 30. Rxb7 a6 31. Kd2 g5 32. Kd3 Kg6 33. b4
h5 34. c4 Kf5 35. Rf7 Ke5 36. a4 f5 37. b5 axb5 38. cxb5 Rc1 39. b6 g4 40. fxg4
fxg4 41. hxg4 hxg4 42. b7 Rb1 43. a5 g3 44. a6 g2 45. Rg7 1-0

[Event "31st 4NCL Congress"]
[Site "Harrogate, North Yorkshire, ENG"]
[Date "2024.01.19"]
[Round "1.11"]
[White "Obi, Okwose Marc"]
[Black "Cawston, M John"]
[Result "1/2-1/2"]
[WhiteElo "1901"]
[BlackElo "1770"]
[PlyCount "116"]
[EventDate "2024.01.19"]

1. e4 c5 2. c4 Nc6 3. Nc3 g6 4. g3 Bg7 5. Bg2 d6 6. Nge2 Bg4 7. f3 Be6 8. d3
Nf6 9. Rb1 O-O 10. O-O Qc8 11. Nf4 Bd7 12. Be3 Ne8 13. Qd2 Nc7 14. h4 Ne6 15.
Nxe6 Bxe6 16. Kh2 Qd7 17. Bh6 f5 18. Bxg7 Kxg7 19. f4 Rf7 20. Rfe1 Raf8 21. a3
fxe4 22. Nxe4 h6 23. b4 b6 24. Nc3 Nd4 25. Re3 Bg4 26. bxc5 dxc5 27. Rbe1 e6
28. Ne4 Nf5 29. Nf2 Nxe3 30. Rxe3 h5 31. Nxg4 hxg4 32. Qe2 e5 33. Rxe5 Rd8 34.
Bd5 Qd6 35. Bxf7 Kxf7 36. Qxg4 Qxd3 37. Qe6+ Kf8 38. f5 Qc2+ 39. Kh3 Qd1 40.
Qf6+ Kg8 41. Qxg6+ Kh8 42. Re8+ Rxe8 43. Qxe8+ Kg7 44. Qg6+ Kf8 45. Qf6+ Ke8
46. Qe6+ Kd8 47. f6 Qh1+ 48. Kg4 Qd1+ 49. Kg5 Qd2+ 50. Kg6 Qd3+ 51. Kf7 Qh7+
52. Kf8 Qh6+ 53. Kg8 Qg6+ 54. Kh8 Qh6+ 55. Kg8 Qg6+ 56. Kf8 Qh6+ 57. Kf7 Qh7+
58. Kf8 Qg6 1/2-1/2

[Event "31st 4NCL Congress"]
[Site "Harrogate, North Yorkshire, ENG"]
[Date "2024.01.19"]
[Round "1.12"]
[White "Hall, David G"]
[Black "Towers, Brian"]
[Result "0-1"]
[WhiteElo "1763"]
[BlackElo "1864"]
[PlyCount "54"]
[EventDate "2024.01.19"]

1. d4 f5 2. e4 fxe4 3. Nc3 Nf6 4. Bg5 g6 5. f3 d5 6. fxe4 Nxe4 7. Nxe4 dxe4 8.
Bc4 Bg7 9. c3 Nd7 10. Qb3 Rf8 11. Nh3 Nb6 12. O-O-O Nxc4 13. Qxc4 Qd6 14. Rhf1
Bxh3 15. Rxf8+ Bxf8 16. gxh3 O-O-O 17. Rf1 c6 18. Qa4 a6 19. Qb3 Qd5 20. h4 h6
21. Be3 Bg7 22. Rf7 Qxb3 23. axb3 Bf6 24. Bxh6 Bxh4 25. Rf4 Bf6 26. Rxe4 Rh8
27. Bf4 Rh4 0-1

[Event "31st 4NCL Congress"]
[Site "Harrogate, North Yorkshire, ENG"]
[Date "2024.01.19"]
[Round "1.13"]
[White "Ashcroft, Graham J"]
[Black "Chester, Ian B"]
[Result "1-0"]
[WhiteElo "1854"]
[BlackElo "1728"]
[PlyCount "53"]
[EventDate "2024.01.19"]

1. c4 Nf6 2. g3 e6 3. Nf3 d5 4. b3 c6 5. Bb2 Be7 6. Bg2 O-O 7. O-O Nbd7 8. Nc3
Qc7 9. cxd5 exd5 10. Rc1 a6 11. d3 Re8 12. Qc2 Nf8 13. e4 dxe4 14. dxe4 Ng6 15.
Nd5 Nxd5 16. exd5 Bd7 17. dxc6 Bxc6 18. Nd4 Bf6 19. Nxc6 Bxb2 20. Qxb2 bxc6 21.
Bxc6 Qa7 22. Bxa8 Qxa8 23. Rfe1 Rd8 24. Rc7 Qf3 25. Qc3 Qg4 26. Qc6 Nh4 27.
Re8+ 1-0

[Event "31st 4NCL Congress"]
[Site "Harrogate, North Yorkshire, ENG"]
[Date "2024.01.19"]
[Round "1.15"]
[White "Li, Xiaofan"]
[Black "Tarbuck, Laurence JM"]
[Result "1-0"]
[WhiteElo "1847"]
[BlackElo "1708"]
[PlyCount "29"]
[EventDate "2024.01.19"]

1. e4 c6 2. d4 d5 3. f3 e6 4. Nc3 g6 5. Be3 Bg7 6. Qd2 b6 7. Be2 a5 8. Nh3 a4
9. a3 Qe7 10. O-O h5 11. Rfe1 b5 12. exd5 exd5 13. Bg5 Qa7 14. Nxb5 cxb5 15.
Bxb5+ 1-0

[Event "31st 4NCL Congress"]
[Site "Harrogate, North Yorkshire, ENG"]
[Date "2024.01.19"]
[Round "1.16"]
[White "Sharkey, Gary"]
[Black "O'Gorman, Brendan"]
[Result "0-1"]
[WhiteElo "1707"]
[BlackElo "1843"]
[PlyCount "56"]
[EventDate "2024.01.19"]

1. d4 d5 2. Nc3 Nf6 3. e4 dxe4 4. f3 exf3 5. Nxf3 g6 6. Bc4 Bg7 7. Be3 O-O 8.
Qd2 Nbd7 9. Bh6 Nb6 10. Bd3 Bg4 11. Bxg7 Kxg7 12. Ne2 Bxf3 13. gxf3 Qd5 14. Qf4
Qd6 15. O-O-O Qxf4+ 16. Nxf4 Nbd5 17. Ng2 Nh5 18. Be4 c6 19. c4 Ndf4 20. Nxf4
Nxf4 21. Rd2 e6 22. h4 Rfd8 23. Kc2 Rac8 24. Kb1 e5 25. Rhd1 exd4 26. Rxd4 Rxd4
27. Rxd4 Rc7 28. Bxc6 Ne6 0-1

[Event "31st 4NCL Congress"]
[Site "Harrogate, North Yorkshire, ENG"]
[Date "2024.01.19"]
[Round "1.17"]
[White "Webb, Nicholas"]
[Black "Holi, Siefaldin A"]
[Result "1/2-1/2"]
[WhiteElo "1837"]
[BlackElo "1706"]
[PlyCount "111"]
[EventDate "2024.01.19"]

1. Nf3 Nf6 2. c4 d6 3. Nc3 c6 4. g3 g6 5. Bg2 Bg7 6. O-O O-O 7. d3 e5 8. Qc2
Re8 9. e4 Na6 10. a3 Be6 11. b4 Qc8 12. Ng5 Bd7 13. f4 h6 14. Nf3 Bh3 15. Nh4
Bxg2 16. Qxg2 exf4 17. gxf4 Nxe4 18. Nxe4 Rxe4 19. dxe4 Bxa1 20. f5 Bd4+ 21.
Kh1 g5 22. f6 Kh7 23. Nf5 Bxf6 24. Nxh6 Qe6 25. Nxf7 Rg8 26. Nxg5+ Bxg5 27.
Bxg5 Rg6 28. h4 Nc7 29. Qf3 Ne8 30. Qf7+ Ng7 31. Qxe6 Rxe6 32. Kg2 Nh5 33. Kf3
Re5 34. Rg1 d5 35. cxd5 cxd5 36. exd5 Rxd5 37. Re1 Rd7 38. Re3 Ng7 39. Ke4 Ne6
40. Rf3 Kg8 41. Ke5 Ng7 42. Bf6 Nh5 43. Rf5 Nxf6 44. Rxf6 Rh7 45. Rf4 a5 46.
bxa5 Rh5+ 47. Kf6 Rxa5 48. a4 b5 49. axb5 Rxb5 50. Rg4+ Kh7 51. Rg5 Rb6+ 52.
Kf7 Rb7+ 53. Ke6 Kh6 54. Rd5 Rb4 55. h5 Rh4 56. Kf6 1/2-1/2